LEADER 01528nam 2200469 a 450 001 9910702093903321 005 20130110113243.0 035 $a(CKB)5470000002423185 035 $a(OCoLC)805227896 035 $a(EXLCZ)995470000002423185 100 $a20120807d2012 ua 0 101 0 $aeng 135 $aurbn||||m|||| 181 $ctxt$2rdacontent 182 $cc$2rdamedia 183 $acr$2rdacarrier 200 10$aSyria$b[electronic resource] $ethe crisis and its implications : hearing before the Committee on Foreign Relations, United States Senate, One Hundred Twelfth Congress, second session, March 1, 2012 210 1$aWashington :$cU.S. G.P.O.,$d2012. 215 $a1 online resource (iii, 41 pages) 225 1 $aS. hrg. ;$v112-472 300 $aTitle from title screen (viewed on Aug. 7, 2012). 517 $aSyria 606 $aProtest movements$zSyria 606 $aHuman rights$zSyria 606 $aPolitical stability$zSyria 606 $aDemocracy$zSyria 606 $aPolitical violence$zSyria 607 $aSyria$xPolitics and government$y2000- 607 $aSyria$xHistory$yCivil War, 2011- 607 $aUnited States$xRelations$zSyria 607 $aSyria$xRelations$zUnited States 615 0$aProtest movements 615 0$aHuman rights 615 0$aPolitical stability 615 0$aDemocracy 615 0$aPolitical violence 801 0$bGPO 801 1$bGPO 906 $aBOOK 912 $a9910702093903321 996 $aSyria$9104677 997 $aUNINA LEADER 03351oas 2201285 a 450 001 9910384449403321 005 20251105213014.0 011 $a1477-4518 035 $a(DE-599)ZDB2078415-6 035 $a(DE-599)3165225-6 035 $a(DE-599)2078415-6 035 $a(OCoLC)52450531 035 $a(CONSER) 2006252701 035 $a(CKB)111014393767008 035 $a(EXLCZ)99111014393767008 100 $a20030617b20012003 sy 101 0 $aeng 135 $aurmnu|||||||| 181 $ctxt$2rdacontent 182 $cc$2rdamedia 183 $acr$2rdacarrier 200 10$aBJA - CEPD reviews 210 $a[Oxford, England] $cOxford University Press$d©2001-©2003 300 $aTitle from HTML contents (Ingenta, viewed July 21, 2006). 311 08$a1472-2615 517 1 $aBritish journal of anesthesia, CEPD reviews 531 0 $aBJA CEPD rev. 606 $aAnesthesia$vPeriodicals 606 $aCritical care medicine$vPeriodicals 606 $aPain$xTreatment$vPeriodicals 606 $aAnesthesia 606 $aAnalgesia 606 $aAnesthesia$vPeriodicals 606 $aAnalgesia$vPeriodicals 606 $aPain$xtreatment$vPeriodicals 606 $aAnesthesia 606 $aAnalgesia 606 $aPain$xtreatment 606 $aAnesthe?sie$vPe?riodiques 606 $aSoins intensifs$vPe?riodiques 606 $aDouleur$xTraitement$vPe?riodiques 606 $aAnesthe?sie 606 $aAnalge?sie 606 $aAnalgesia$2fast$3(OCoLC)fst00808269 606 $aAnesthesia$2fast$3(OCoLC)fst00808644 606 $aCritical care medicine$2fast$3(OCoLC)fst00883647 606 $aPain$xTreatment$2fast$3(OCoLC)fst01050415 608 $aPeriodical. 608 $aPeriodicals.$2fast 615 0$aAnesthesia 615 0$aCritical care medicine 615 0$aPain$xTreatment 615 0$aAnesthesia. 615 0$aAnalgesia. 615 2$aAnesthesia 615 2$aAnalgesia 615 2$aPain$xtreatment 615 2$aAnesthesia. 615 2$aAnalgesia. 615 2$aPain$xtreatment. 615 6$aAnesthe?sie 615 6$aSoins intensifs 615 6$aDouleur$xTraitement 615 6$aAnesthe?sie. 615 6$aAnalge?sie. 615 7$aAnalgesia. 615 7$aAnesthesia. 615 7$aCritical care medicine. 615 7$aPain$xTreatment. 676 $a617.96 712 02$aRoyal College of Anaesthetists (Great Britain) 712 02$aIntensive Care Society (Great Britain) 712 02$aPain Society (Great Britain) 801 0$bF#A 801 1$bF#A 801 2$bOCLCQ 801 2$bF#A 801 2$bWAU 801 2$bMUQ 801 2$bOCLCQ 801 2$bOCLCO 801 2$bOCLCF 801 2$bOCLCO 801 2$bVT2 801 2$bOCLCQ 801 2$bOCLCO 801 2$bOCLCQ 801 2$bOCLCO 801 2$bOCLCA 801 2$bSTF 801 2$bOCLCO 801 2$bCOO 801 2$bOCLCO 801 2$bEZC 801 2$bOCLCO 801 2$bU3W 801 2$bOCLCO 801 2$bAU@ 801 2$bOCLCO 801 2$bOCLCA 801 2$bAUD 801 2$bOCLCO 801 2$bOCL 801 2$bOCLCQ 801 2$bOCLCL 801 2$bOCLCQ 906 $aJOURNAL 912 $a9910384449403321 996 $aBJA - CEPD reviews$91894999 997 $aUNINA